<?xml version="1.0" encoding="UTF-8"?>
<record
    xmlns:xsi="http://www.w3.org/2001/XMLSchema-instance"
    xsi:schemaLocation="http://www.loc.gov/MARC21/slim http://www.loc.gov/standards/marcxml/schema/MARC21slim.xsd"
    xmlns="http://www.loc.gov/MARC21/slim">

  <leader>00502nam a2200193Ia 4500</leader>
  <datafield tag="952" ind1=" " ind2=" ">
    <subfield code="0">0</subfield>
    <subfield code="1">0</subfield>
    <subfield code="2">ddc</subfield>
    <subfield code="4">0</subfield>
    <subfield code="7">0</subfield>
    <subfield code="8">FIC</subfield>
    <subfield code="a">MES</subfield>
    <subfield code="b">MES</subfield>
    <subfield code="c">ENG</subfield>
    <subfield code="d">2019-02-20</subfield>
    <subfield code="g">399.00</subfield>
    <subfield code="l">8</subfield>
    <subfield code="m">8</subfield>
    <subfield code="o">813.54 MAR/L</subfield>
    <subfield code="p">36967</subfield>
    <subfield code="r">2025-01-03 11:36:00</subfield>
    <subfield code="s">2024-12-04</subfield>
    <subfield code="w">2019-02-20</subfield>
    <subfield code="y">BK</subfield>
    <subfield code="z">GR19R1</subfield>
  </datafield>
  <datafield tag="999" ind1=" " ind2=" ">
    <subfield code="c">14837</subfield>
    <subfield code="d">14837</subfield>
  </datafield>
  <controlfield tag="003">OSt</controlfield>
  <controlfield tag="005">20201103130858.0</controlfield>
  <controlfield tag="008">190216s9999||||xx |||||||||||||| ||und||</controlfield>
  <datafield tag="020" ind1=" " ind2=" ">
    <subfield code="a">780857865533</subfield>
  </datafield>
  <datafield tag="040" ind1=" " ind2=" ">
    <subfield code="c">oclc</subfield>
  </datafield>
  <datafield tag="082" ind1=" " ind2=" ">
    <subfield code="a">813.54</subfield>
    <subfield code="b">MAR/L</subfield>
  </datafield>
  <datafield tag="100" ind1=" " ind2=" ">
    <subfield code="a">Martel, Yann</subfield>
    <subfield code="9">6235</subfield>
  </datafield>
  <datafield tag="245" ind1=" " ind2="0">
    <subfield code="a">Life Of Pi /</subfield>
    <subfield code="c">Yann Martel</subfield>
  </datafield>
  <datafield tag="250" ind1=" " ind2=" ">
    <subfield code="a">3rd ed</subfield>
  </datafield>
  <datafield tag="260" ind1=" " ind2=" ">
    <subfield code="b">Canongate,</subfield>
    <subfield code="c">2012.</subfield>
    <subfield code="a">Canada:</subfield>
  </datafield>
  <datafield tag="300" ind1=" " ind2=" ">
    <subfield code="a">319p</subfield>
  </datafield>
  <datafield tag="650" ind1=" " ind2=" ">
    <subfield code="a">English</subfield>
  </datafield>
  <datafield tag="942" ind1=" " ind2=" ">
    <subfield code="c">BK</subfield>
    <subfield code="2">ddc</subfield>
    <subfield code="h">813.54</subfield>
    <subfield code="i">MAR/L</subfield>
    <subfield code="k">813.54</subfield>
    <subfield code="m">MAR/L</subfield>
  </datafield>
</record>
